[Event "16th EUR-ch"]
[Site "Jerusalem ISR"]
[Date "2015.03.08"]
[Round "11"]
[White "Howell, David"]
[Black "Huzman, Alexander"]
[Result "1/2-1/2"]
[WhiteElo "2663"]
[BlackElo "2582"]
[EventDate "2015.02.24"]
[PlyCount "201"]

1.c4 e6 2.g3 d5 3.Bg2 Nf6 4.Nf3 dxc4 5.Qa4+ c6 6.Qxc4 b5 7.Qb3 Bb7 8.O-O 
a6 9.Ne5 Qd4 10.Qc3 Qxc3 11.Nxc3 Nfd7 12.d4 Nxe5 13.dxe5 Nd7 14.a4 Bb4 15.
axb5 axb5 16.Rxa8+ Bxa8 17.Nxb5 O-O 18.Na7 Nxe5 19.Bf4 Ng6 20.Nxc6 Bxc6 
21.Bxc6 Nxf4 22.gxf4 Rc8 23.Bf3 Bd2 24.e3 Rc1 25.Bd1 Rb1 26.b3 Rb2 27.h4 
g6 28.h5 Kg7 29.Kh1 Kh6 30.Rg1 Kg7 31.Rf1 Kh6 32.Rg1 Kg7 33.hxg6 hxg6 34.
Rf1 Kf6 35.Rg1 Kg7 36.Bg4 Rxb3 37.f5 exf5 38.Bxf5 Rb5 39.Bh3 Rh5 40.Kh2 
Rc5 41.Rd1 Bc3 42.Rd7 Rc7 43.Rd5 Re7 44.Kg3 Be5+ 45.Kf3 Bc7 46.Bf1 Be5 47.
Bc4 Bc7 48.Ke2 Be5 49.Kd3 Bc7 50.Kc3 Be5+ 51.Kd3 Bc7 52.Rc5 Bd6 53.Rc6 Be5
54.Ra6 Rd7+ 55.Ke4 Re7 56.Kf3 Bc7 57.Rc6 Be5 58.Bd5 Bc7 59.Kg4 Be5 60.f4 
Bf6 61.e4 Bd4 62.Kg5 Be3 63.Rc3 Bd4 64.Rc4 Be3 65.Kg4 Bb6 66.Ra4 Ra7 67.
Rb4 Bc5 68.Rc4 Be7 69.Rc6 Kf8 70.Rc1 Kg7 71.Rf1 Bd8 72.f5 Bf6 73.Rb1 Re7 
74.Rb6 gxf5+ 75.Kxf5 Re5+ 76.Kf4 Re7 77.Kf5 Re5+ 78.Kf4 Re7 79.Rb1 Re5 80.
Rb7 Re7 81.Rb1 Re5 82.Bc6 Rh5 83.Bd7 Be5+ 84.Ke3 Rg5 85.Rb7 Rg3+ 86.Kf2 f6
87.Bf5+ Kf8 88.Be6 Rc3 89.Ke2 Ke8 90.Kd2 Rg3 91.Kc2 Rc3+ 92.Kb1 Rg3 93.Ka2
Re3 94.Bd5 Rg3 95.Bb3 Re3 96.Bd5 Rg3 97.Rb3 Rxb3 98.Kxb3 Ke7 99.Ka4 Kd6 
100.Kb5 Bd4 101.e5+ 1/2-1/2

[Event "16th EUR-ch"]
[Site "Jerusalem ISR"]
[Date "2015.03.08"]
[Round "11"]
[White "Mamedov, Rauf"]
[Black "Dvoirys, Semen"]
[Result "1-0"]
[WhiteElo "2650"]
[BlackElo "2578"]
[EventDate "2015.02.24"]
[PlyCount "105"]

1.g3 d5 2.Bg2 c6 3.Nf3 Nf6 4.O-O Bg4 5.c4 e6 6.d3 Nbd7 7.Nc3 Be7 8.cxd5 
exd5 9.h3 Bxf3 10.Bxf3 Nc5 11.e4 dxe4 12.dxe4 O-O 13.Be3 Ne6 14.Qb3 Bc5 
15.Rfd1 Qa5 16.Ne2 Rfe8 17.Bg2 Qa6 18.Nd4 Qb6 19.Qxb6 axb6 20.Nf5 Bxe3 21.
Nxe3 Nc5 22.Nc4 b5 23.Nd6 Re7 24.b4 Na4 25.f4 g6 26.e5 Nh5 27.Ne4 Kg7 28.
Kh2 Nb2 29.Rd4 f6 30.e6 Rxe6 31.g4 Nxf4 32.Nc5 Re2 33.Rxf4 Nc4 34.Re4 
Raxa2 35.Rxa2 Rxa2 36.Nxb7 f5 37.Re6 fxg4 38.hxg4 Rb2 39.Nc5 Rxb4 40.Bxc6 
Nd2 41.Kh3 Rc4 42.Nd7 Rc3+ 43.Kg2 Rc2 44.Kg3 Nf1+ 45.Kf3 Rc3+ 46.Ke2 Ne3 
47.Kf3 h5 48.g5 Nf5+ 49.Kf4 Rh3 50.Re8 Rh4+ 51.Ke5 Rg4 52.Bd5 Rxg5 53.Rg8+
1-0

[Event "16th EUR-ch"]
[Site "Jerusalem ISR"]
[Date "2015.03.08"]
[Round "11"]
[White "Postny, Evgeny"]
[Black "Jojua, Davit"]
[Result "1/2-1/2"]
[WhiteElo "2647"]
[BlackElo "2579"]
[EventDate "2015.02.24"]
[PlyCount "60"]

1.d4 d5 2.c4 e6 3.Nc3 Be7 4.Nf3 Nf6 5.Bf4 O-O 6.a3 b6 7.e3 c5 8.dxc5 bxc5 
9.Qc2 Nc6 10.Rd1 Qa5 11.Nd2 d4 12.Nb3 Qb6 13.Na4 Qa6 14.Naxc5 Bxc5 15.Nxc5
Qa5+ 16.b4 Qxa3 17.Qb3 Qxb3 18.Nxb3 e5 19.Bg3 Nxb4 20.exd4 exd4 21.Nxd4 
Rd8 22.Nb5 Nc2+ 23.Ke2 Be6 24.Rxd8+ Rxd8 25.Nd6 Nh5 26.c5 Nxg3+ 27.hxg3 
Nd4+ 28.Ke3 Nb3 29.Rh5 g6 30.Re5 Nxc5 1/2-1/2

[Event "16th EUR-ch"]
[Site "Jerusalem ISR"]
[Date "2015.03.08"]
[Round "11"]
[White "Iordachescu, Viorel"]
[Black "Gajewski, Grzegorz"]
[Result "1/2-1/2"]
[WhiteElo "2590"]
[BlackElo "2646"]
[EventDate "2015.02.24"]
[PlyCount "196"]

1.c4 Nf6 2.Nc3 e5 3.Nf3 Nc6 4.g3 Bb4 5.Nd5 e4 6.Nh4 O-O 7.Bg2 Re8 8.O-O d6
9.d3 exd3 10.Qxd3 Nxd5 11.cxd5 Ne5 12.Qc2 Bc5 13.Bd2 a5 14.Bc3 Bd7 15.Rad1
Qe7 16.Bd4 Bxd4 17.Rxd4 c5 18.dxc6 bxc6 19.Nf3 Rab8 20.Rfd1 d5 21.Nxe5 
Qxe5 22.e3 Rb4 23.h4 Reb8 24.b3 Qe7 25.e4 Rxd4 26.Rxd4 dxe4 27.Qxe4 Qxe4 
28.Bxe4 Be8 29.Bd3 Kf8 30.Ra4 Ra8 31.Be4 Ra7 32.b4 c5 33.Rxa5 Re7 34.f3 
cxb4 35.Ra8 Rc7 36.Rb8 g6 37.Rxb4 Ra7 38.Bd5 Rd7 39.Rb5 Ra7 40.Rb8 Rc7 41.
a4 Ke7 42.Rb4 Kd6 43.Rd4 Rc1+ 44.Kf2 Kc5 45.Rd2 Bxa4 46.Bxf7 Bc6 47.Rd3 
Ra1 48.g4 Ra7 49.Bg8 Rg7 50.Rd8 h6 51.Rf8 Kd6 52.Bc4 Ke5 53.Ke3 Re7 54.Bd3
g5 55.h5 Bd5 56.Rf5+ Ke6 57.Kd4 Bb3 58.Rf8 Rd7+ 59.Ke3 Rf7 60.Re8+ Kd6 61.
Rh8 Rf6 62.Bf5 Be6 63.Be4 Ke5 64.Bg6 Rf4 65.Re8 Kd6 66.Be4 Rf6 67.Kd4 Bf7 
68.Rd8+ Ke7 69.Ra8 Rd6+ 70.Ke3 Rf6 71.Ra7+ Kf8 72.Kd4 Rd6+ 73.Ke5 Re6+ 74.
Kd4 Rd6+ 75.Kc5 Rf6 76.Rc7 Kg8 77.Bf5 Kf8 78.Kd4 Rd6+ 79.Ke4 Ra6 80.Rc5 
Kg7 81.Ke5 Rb6 82.Ra5 Kf8 83.Bd7 Kg7 84.Ra7 Kf8 85.Rc7 Ra6 86.Bc6 Rb6 87.
Rc8+ Kg7 88.Rc7 Kf8 89.f4 gxf4 90.g5 Be8 91.Bxe8 Kxe8 92.g6 Kf8 93.Rf7+ 
Kg8 94.Kxf4 Rb4+ 95.Kf3 Rb5 96.Kg4 Rb4+ 97.Rf4 Rxf4+ 98.Kxf4 Kg7 1/2-1/2

[Event "16th EUR-ch"]
[Site "Jerusalem ISR"]
[Date "2015.03.08"]
[Round "11"]
[White "Banusz, Tamas"]
[Black "Dreev, Aleksey"]
[Result "1/2-1/2"]
[WhiteElo "2582"]
[BlackElo "2643"]
[EventDate "2015.02.24"]
[PlyCount "79"]

1.c4 c6 2.d4 d5 3.Nf3 Nf6 4.Nc3 e6 5.g3 dxc4 6.Bg2 Nbd7 7.O-O Be7 8.a4 O-O
9.e4 e5 10.dxe5 Ng4 11.Bf4 Qa5 12.e6 fxe6 13.Qe2 Nde5 14.Nxe5 Nxe5 15.Bxe5
Qxe5 16.Kh1 Bd7 17.f4 Qc5 18.e5 Rad8 19.Ne4 Qb4 20.Rfc1 Be8 21.Rxc4 Qb3 
22.Rc3 Qb4 23.Rc4 Qb3 24.Rc3 Qb4 25.a5 Bg6 26.Rc4 Qb5 27.a6 Bh5 28.Qf1 
Qxb2 29.axb7 Be2 30.Qc1 Qxb7 31.Rxc6 Rd1+ 32.Qxd1 Bxd1 33.Rxd1 Qxc6 34.
Nf6+ gxf6 35.Bxc6 fxe5 36.fxe5 Rf2 37.Bd7 Kf7 38.Ra1 Bc5 39.Rc1 Bd4 40.Rc6
1/2-1/2

[Event "16th EUR-ch"]
[Site "Jerusalem ISR"]
[Date "2015.03.08"]
[Round "11"]
[White "Ter-Sahakyan, Samvel"]
[Black "Ivanisevic, Ivan"]
[Result "0-1"]
[WhiteElo "2580"]
[BlackElo "2638"]
[EventDate "2015.02.24"]
[PlyCount "84"]

1.e4 c5 2.Nf3 e6 3.d4 cxd4 4.Nxd4 Nc6 5.Nc3 Qc7 6.Be3 a6 7.Qf3 b5 8.O-O-O 
Bb7 9.Qg3 Bd6 10.f4 Nxd4 11.Rxd4 Bf8 12.Bd3 Rc8 13.Kb1 Ne7 14.a4 Nc6 15.
axb5 Nxd4 16.Bxd4 axb5 17.Nxb5 Qa5 18.Bc3 Qb6 19.Bd4 Qa5 20.Bc3 Rxc3 21.
Nxc3 g6 22.e5 Bb4 23.Ne4 Bxe4 24.Bxe4 O-O 25.Rd1 Rb8 26.Qb3 Rb6 27.Rd3 Qc5
28.Bf3 Kg7 29.h3 h5 30.Qa4 Bc3 31.b3 Rb4 32.Qa3 Qc7 33.Qc1 Rb5 34.Qe3 Rc5 
35.Kc1 Bb4 36.c4 Ra5 37.Qd4 Ra2 38.f5 Qa5 39.Kb1 Qa3 40.f6+ Kh7 41.Bxh5 
gxh5 42.Rg3 Rd2 0-1

[Event "16th EUR-ch"]
[Site "Jerusalem ISR"]
[Date "2015.03.08"]
[Round "11"]
[White "Kozul, Zdenko"]
[Black "Esen, Baris"]
[Result "1-0"]
[WhiteElo "2630"]
[BlackElo "2571"]
[EventDate "2015.02.24"]
[PlyCount "81"]

1.d4 f5 2.g3 Nf6 3.Bg2 g6 4.c4 Bg7 5.Nc3 d6 6.Bg5 Nbd7 7.Qc2 e5 8.dxe5 
Nxe5 9.Rd1 c6 10.b3 O-O 11.Nf3 Qe7 12.O-O Be6 13.Nd4 Nf7 14.Bc1 Rad8 15.e4
fxe4 16.Nxe6 Qxe6 17.Nxe4 Nxe4 18.Qxe4 Qd7 19.Qc2 Rde8 20.h3 Re7 21.Rfe1 
Rfe8 22.Rxe7 Rxe7 23.b4 Bh6 24.Bb2 Bg7 25.Bxg7 Kxg7 26.b5 Re5 27.Qb2 Kf8 
28.bxc6 bxc6 29.Rb1 Rc5 30.Qd4 Qc7 31.Rb3 Re5 32.Qb2 Re8 33.Rb7 Qc8 34.
Rxa7 Re1+ 35.Kh2 Re7 36.Ra3 Ne5 37.f4 Nf7 38.Rb3 Qe6 39.Rb8+ Re8 40.Bxc6 
Rxb8 41.Qxb8+ 1-0

[Event "16th EUR-ch"]
[Site "Jerusalem ISR"]
[Date "2015.03.08"]
[Round "11"]
[White "Yilmaz, Mustafa"]
[Black "Lupulescu, Constantin"]
[Result "0-1"]
[WhiteElo "2570"]
[BlackElo "2626"]
[EventDate "2015.02.24"]
[PlyCount "164"]

1.c4 Nf6 2.Nf3 c5 3.Nc3 d5 4.cxd5 Nxd5 5.e3 e6 6.d4 cxd4 7.exd4 Bb4 8.Bd2 
Nc6 9.Bd3 Be7 10.O-O O-O 11.Re1 Bf6 12.Nxd5 Qxd5 13.Bc3 Rd8 14.Qc2 g6 15.
Be4 Qd6 16.Rad1 Nb4 17.Qb1 Nd5 18.h4 Bd7 19.Bd2 Ba4 20.Rc1 Bc6 21.Bg5 Bxg5
22.hxg5 Ne7 23.Rcd1 Qb4 24.Qc1 Bxe4 25.Rxe4 Nd5 26.Re2 Rac8 27.Qb1 Rc7 28.
g3 Rdc8 29.Kg2 Qb5 30.Red2 Ne7 31.Rh1 Qd5 32.Re2 Nf5 33.Re5 Qc6 34.Rd1 Qc2
35.g4 Qxb1 36.Rxb1 Ne7 37.Rb5 Nd5 38.Nd2 b6 39.Rb3 Rc1 40.Rxc1 Rxc1 41.Ne4
Rd1 42.Nf6+ Nxf6 43.gxf6 Rxd4 44.Rc3 Rxg4+ 45.Kf3 h5 46.Rc8+ Kh7 47.Rc7 
Ra4 48.Rxf7+ Kh6 49.a3 Kg5 50.Kg2 Kf5 51.Rf8 Ra5 52.Rf7 e5 53.Rf8 Ke6 54.
Kg3 Ra4 55.f3 b5 56.f7 a6 57.Re8+ Kxf7 58.Rxe5 Rc4 59.Rd5 Rc2 60.Rd6 a5 
61.b3 Rc3 62.Ra6 Rxb3 63.Rxa5 Kf6 64.a4 b4 65.Ra6+ Ke5 66.Rxg6 Kd4 67.Rh6 
Ra3 68.Rxh5 b3 69.Rh1 b2 70.Rb1 Kc3 71.Kf4 Ra1 72.Rxb2 Kxb2 73.Ke5 Kc3 74.
f4 Kc4 75.f5 Kc5 76.Ke6 Kc6 77.f6 Re1+ 78.Kf7 Kd7 79.a5 Re8 80.a6 Ra8 81.
Kg7 Ke6 82.f7 Ra7 0-1

[Event "16th EUR-ch"]
[Site "Jerusalem ISR"]
[Date "2015.03.08"]
[Round "11"]
[White "Draskovic, Luka"]
[Black "Sutovsky, Emil"]
[Result "1/2-1/2"]
[WhiteElo "2432"]
[BlackElo "2626"]
[EventDate "2015.02.24"]
[PlyCount "170"]

1.e4 c6 2.d4 d5 3.Nc3 dxe4 4.Nxe4 Nd7 5.Bc4 Ngf6 6.Ng5 e6 7.Qe2 Nb6 8.Bd3 
h6 9.N5f3 c5 10.dxc5 Bxc5 11.Ne5 Nbd7 12.Ngf3 Qc7 13.Bf4 Bb4+ 14.Kf1 Bd6 
15.Ng6 Bxf4 16.Nxh8 Nc5 17.Bb5+ Kf8 18.g3 Bd6 19.Kg2 b6 20.Rhe1 Bb7 21.a4 
Nce4 22.Ba6 Rc8 23.Bxb7 Qxb7 24.Rad1 Bc5 25.Nxf7 Kxf7 26.Ne5+ Kg8 27.f3 
Nf2 28.Rd2 Re8 29.Qc4 Nd5 30.Rxf2 Bxf2 31.Kxf2 Rc8 32.Qe4 b5 33.a5 Qc7 34.
Nd3 Re8 35.c3 Qxa5 36.Qd4 Rd8 37.Rxe6 Nf6 38.Rd6 Re8 39.g4 Qa1 40.Rd8 Rxd8
41.Qxd8+ Kh7 42.Qd4 a5 43.h4 Qd1 44.g5 Qd2+ 45.Kf1 hxg5 46.hxg5 Qxg5 47.
Nf4 Kh6 48.Qd2 a4 49.Qe3 Kh7 50.Kf2 Qh4+ 51.Kg2 Qg5+ 52.Kf2 Kh8 53.Qd4 Qf5
54.Qd8+ Ng8 55.Qh4+ Nh6 56.Qd8+ Kh7 57.Qd3 g5 58.Qxf5+ Nxf5 59.Ne6 Kg6 60.
Nf8+ Kh5 61.Ne6 Kh4 62.Ke2 Nd6 63.Nd4 Kg3 64.Ne6 Kh4 65.Nd4 Nc4 66.Nxb5 
Kg3 67.Na3 Ne5 68.c4 Nxf3 69.c5 g4 70.Nb5 Ne5 71.Na7 Ng6 72.c6 Nf4+ 73.Kd2
Nd5 74.Nb5 Kh2 75.c7 Nxc7 76.Nxc7 g3 77.Ne6 g2 78.Nd4 Kg3 79.Ne2+ Kf3 80.
Kd3 Kf2 81.Nf4 g1=N 82.Kc3 Ke3 83.Nd5+ Ke4 84.Nb6 Nf3 85.Nxa4 Kd5 1/2-1/2

[Event "16th EUR-ch"]
[Site "Jerusalem ISR"]
[Date "2015.03.08"]
[Round "11"]
[White "Van Kampen, Robin"]
[Black "Goryachkina, Aleksandra"]
[Result "1/2-1/2"]
[WhiteElo "2626"]
[BlackElo "2451"]
[EventDate "2015.02.24"]
[PlyCount "72"]

1.e4 c6 2.d4 d5 3.e5 Bf5 4.h4 h5 5.Bd3 Bxd3 6.Qxd3 e6 7.Bg5 Qb6 8.Nd2 Nd7 
9.Ngf3 Ne7 10.O-O Nf5 11.c4 Qa6 12.Qb3 Nb6 13.Rfc1 dxc4 14.Nxc4 Nxc4 15.
Rxc4 Qb6 16.Qc2 Be7 17.Bxe7 Nxe7 18.Ng5 Rd8 19.Rd1 Rd5 20.Rc5 Qd8 21.Rxd5 
Qxd5 22.Qa4 O-O 23.Qxa7 Nf5 24.Nf3 Qb5 25.Rd2 Rd8 26.b3 g6 27.Qc5 Nxh4 28.
Qxb5 Nxf3+ 29.gxf3 cxb5 30.f4 b4 31.Kg2 Kg7 32.Kg3 Rd5 33.Rd1 Kf8 34.Kh4 
Kg7 35.Kg3 Kf8 36.Kh4 Kg7 1/2-1/2

[Event "16th EUR-ch"]
[Site "Jerusalem ISR"]
[Date "2015.03.08"]
[Round "11"]
[White "Bukavshin, Ivan"]
[Black "Babula, Vlastimil"]
[Result "1-0"]
[WhiteElo "2622"]
[BlackElo "2545"]
[EventDate "2015.02.24"]
[PlyCount "77"]

1.d4 Nf6 2.c4 e6 3.Nf3 d5 4.Nc3 Be7 5.Bf4 O-O 6.e3 Nbd7 7.c5 Nh5 8.Be2 
Nxf4 9.exf4 c6 10.O-O b6 11.b4 a5 12.a3 Qc7 13.g3 Ba6 14.Qc2 Bxe2 15.Nxe2 
Ra7 16.Rab1 axb4 17.axb4 Rfa8 18.Nc1 Bf6 19.Nd3 Ra4 20.Rfc1 bxc5 21.dxc5 
Qb8 22.b5 Rc4 23.Qd1 cxb5 24.c6 Nb6 25.Rxb5 Qc7 26.Nde5 Rxc1 27.Qxc1 Nc4 
28.Rb7 Qc8 29.Qb1 g6 30.Qb5 Bxe5 31.fxe5 Kg7 32.Ng5 Ra1+ 33.Kg2 Nxe5 34.
Qb2 d4 35.c7 Rc1 36.Qxc1 Qxb7+ 37.Kg1 Nc6 38.Qf4 f5 39.Qd6 1-0

[Event "16th EUR-ch"]
[Site "Jerusalem ISR"]
[Date "2015.03.08"]
[Round "11"]
[White "Potkin, Vladimir"]
[Black "Kraus, Ohad"]
[Result "0-1"]
[WhiteElo "2605"]
[BlackElo "2190"]
[EventDate "2015.02.24"]
[PlyCount "136"]

1.d4 Nf6 2.c4 g6 3.Nc3 Bg7 4.e4 d6 5.Nf3 O-O 6.h3 e5 7.d5 Nh5 8.g3 Na6 9.
Be3 Nc5 10.Nd2 a5 11.Be2 Nf6 12.g4 Ne8 13.Qc2 b6 14.O-O-O Bf6 15.h4 Bxh4 
16.Nf3 Be7 17.Bh6 Bxg4 18.Bxf8 Bxf8 19.Nh2 Bd7 20.Kb1 Nf6 21.Bf3 Bg7 22.
Nf1 Ng4 23.Qe2 h5 24.Ne3 Nxe3 25.Qxe3 Qf6 26.Rdg1 Kf8 27.b3 Ke7 28.Bd1 Rh8
29.a3 Bh6 30.Qe2 Qf4 31.Bc2 h4 32.Nb5 Kd8 33.Kb2 h3 34.b4 Nb7 35.Nc3 Bc8 
36.Rg3 Qh4 37.Ba4 Bf4 38.Rd3 h2 39.Bc6 Qg5 40.f3 Ke7 41.Nb5 Nd8 42.Qf2 Qh4
43.Qxh4+ Rxh4 44.Rc3 f5 45.Na7 Bd7 46.Bxd7 Kxd7 47.exf5 gxf5 48.Nb5 e4 49.
Kc2 Be5 50.Re3 exf3 51.Rxf3 axb4 52.axb4 Rxc4+ 53.Kb3 Rg4 54.Rxf5 c6 55.
Na3 cxd5 56.Nc2 Nc6 57.Ka4 d4 58.Ne1 d3 59.Nxd3 b5+ 60.Kxb5 Nd4+ 61.Ka5 
Nxf5 62.Nxe5+ dxe5 63.Rxh2 Nd6 64.b5 Rg1 65.Rh7+ Ke6 66.Kb6 Rb1 67.Kc6 
Rc1+ 68.Kb6 Kd5 0-1

[Event "16th EUR-ch"]
[Site "Jerusalem ISR"]
[Date "2015.03.08"]
[Round "11"]
[White "Melkumyan, Hrant"]
[Black "Abasov, Nijat"]
[Result "1-0"]
[WhiteElo "2673"]
[BlackElo "2523"]
[EventDate "2015.02.24"]
[PlyCount "103"]

1.c4 e6 2.Nc3 d5 3.d4 Bb4 4.a3 Bxc3+ 5.bxc3 b6 6.cxd5 exd5 7.e3 Nf6 8.Bd3 
O-O 9.Ne2 c5 10.O-O Ba6 11.dxc5 bxc5 12.Bxa6 Nxa6 13.c4 dxc4 14.Qa4 Nc7 
15.Qxc4 Qd5 16.Qxd5 Ncxd5 17.f3 Nb6 18.e4 Na4 19.Ra2 Nd7 20.Rc2 Ndb6 21.
Be3 c4 22.Rb1 f5 23.Ng3 fxe4 24.Nxe4 Rfd8 25.Rb5 Rd3 26.Bxb6 Nxb6 27.Ra5 
a6 28.Nc3 h6 29.Kf2 Kh7 30.h4 Kg8 31.h5 Kh7 32.Ne2 Rb3 33.Nd4 Rd3 34.Ne2 
Rb3 35.Nc3 Kg8 36.Kg3 Kh7 37.Kh4 Kg8 38.f4 Kh7 39.a4 Rb4 40.g4 Rb3 41.Re5 
a5 42.Ne4 Rf8 43.f5 Kh8 44.Rxa5 Re3 45.Nd6 c3 46.Rc5 Nxa4 47.Rc4 Rf6 48.
Ne4 Ra6 49.Ra2 c2 50.Raxc2 Nb6 51.Rd4 Ra1 52.Rd8+ 1-0

[Event "16th EUR-ch"]
[Site "Jerusalem ISR"]
[Date "2015.03.08"]
[Round "11"]
[White "Beliavsky, Alexander"]
[Black "Rasulov, Vugar"]
[Result "1-0"]
[WhiteElo "2623"]
[BlackElo "2508"]
[EventDate "2015.02.24"]
[PlyCount "91"]

1.d4 Nf6 2.c4 c5 3.d5 e6 4.Nc3 exd5 5.cxd5 d6 6.e4 g6 7.Nf3 Bg7 8.Be2 O-O 
9.O-O Re8 10.Nd2 Nbd7 11.a4 a6 12.Qc2 Qc7 13.a5 b5 14.axb6 Nxb6 15.Re1 
Nfd7 16.b3 Ne5 17.Bb2 f5 18.f4 Ng4 19.Bxg4 fxg4 20.Ne2 a5 21.Bxg7 Qxg7 22.
Qc3 Qc7 23.Ng3 Qf7 24.Rf1 Qg7 25.Rfc1 Bd7 26.Ngf1 h5 27.Ne3 Bb5 28.e5 dxe5
29.f5 Bd7 30.Qxc5 Rab8 31.f6 Qxf6 32.Rf1 Qe7 33.d6 Qe6 34.Ne4 Rec8 35.Qxa5
Bc6 36.Nf6+ Kg7 37.Qd2 Ra8 38.Rac1 Bd7 39.Rc7 Rxc7 40.dxc7 Bb5 41.Nf5+ 
gxf5 42.Qg5+ Kf7 43.Nxh5 Nd7 44.Rxf5+ Qxf5 45.Qxf5+ Ke7 46.Qc2 1-0

[Event "16th EUR-ch"]
[Site "Jerusalem ISR"]
[Date "2015.03.08"]
[Round "11"]
[White "Kjartansson, Gudmundur"]
[Black "Swiercz, Dariusz"]
[Result "0-1"]
[WhiteElo "2484"]
[BlackElo "2617"]
[EventDate "2015.02.24"]
[PlyCount "100"]

1.c4 Nf6 2.Nc3 e5 3.Nf3 Nc6 4.g3 Bb4 5.Bg2 O-O 6.O-O d6 7.d3 h6 8.Bd2 a6 
9.Rc1 Be6 10.a3 Bc5 11.Na4 Ba7 12.c5 Qd7 13.b4 Rac8 14.Bc3 b5 15.Nb2 dxc5 
16.Nxe5 Nxe5 17.Bxe5 cxb4 18.axb4 Nd5 19.Qd2 f6 20.Bxd5 Qxd5 21.Bf4 Bh3 
22.e4 Qh5 23.Qd1 Bg4 24.Qb3+ Kh8 25.h4 Be2 26.Rfe1 Qf3 27.Rc5 Bxc5 28.bxc5
g5 29.hxg5 hxg5 30.Be3 Qh5 31.Rxe2 Qxe2 32.d4 Rce8 33.e5 Qf3 34.Nd3 Re7 
35.Ne1 Qe4 36.f3 Qf5 37.exf6 Qxf6 38.d5 Qe5 39.Bf2 Rd7 40.d6 cxd6 41.c6 
Rdf7 42.Qa2 Kh7 43.Qxa6 Qd5 44.Qa1 Qxc6 45.Qb1+ Kh6 46.f4 gxf4 47.Ng2 fxg3
48.Be3+ Kh5 49.Bf4 Qc5+ 50.Kh1 Qf5 0-1

[Event "16th EUR-ch"]
[Site "Jerusalem ISR"]
[Date "2015.03.08"]
[Round "11"]
[White "Raznikov, Danny"]
[Black "Erdos, Viktor"]
[Result "0-1"]
[WhiteElo "2494"]
[BlackElo "2615"]
[EventDate "2015.02.24"]
[PlyCount "56"]

1.d4 Nf6 2.c4 e6 3.Nc3 Bb4 4.Qc2 d5 5.cxd5 exd5 6.Bg5 h6 7.Bh4 c5 8.dxc5 
Be6 9.e3 O-O 10.Nf3 Nbd7 11.Be2 Rc8 12.a3 Bxc3+ 13.Qxc3 g5 14.Bg3 Ne4 15.
Qd4 Ndxc5 16.Rd1 Nb3 17.Qb4 Nc1 18.Nd4 Nxe2 19.Kxe2 Rc4 20.Qxb7 Qa5 21.f3 
Bc8 22.Be1 Qa6 23.Qxa6 Bxa6 24.Rd3 Nc5 25.Kd2 Nxd3 26.Kxd3 Rc1+ 27.Kd2 
Rfc8 28.b4 Rb1 0-1

[Event "16th EUR-ch"]
[Site "Jerusalem ISR"]
[Date "2015.03.08"]
[Round "11"]
[White "Pantsulaia, Levan"]
[Black "Yuffa, Daniil"]
[Result "1-0"]
[WhiteElo "2615"]
[BlackElo "2469"]
[EventDate "2015.02.24"]
[PlyCount "139"]

1.Nf3 Nf6 2.g3 g6 3.b3 Bg7 4.Bb2 O-O 5.Bg2 d6 6.d4 c5 7.c4 Qa5+ 8.Qd2 
Qxd2+ 9.Nbxd2 Nfd7 10.Rb1 Nc6 11.d5 Nce5 12.Nxe5 Nxe5 13.f4 Ng4 14.Bf3 Bd7
15.h3 Ne3 16.Kf2 Nc2 17.Rhc1 Nb4 18.a3 Na6 19.e4 b5 20.e5 Rab8 21.Ne4 Bf5 
22.Ba1 Rb6 23.g4 Bxe4 24.Bxe4 Nb8 25.Bd3 bxc4 26.Bxc4 Nd7 27.Re1 h6 28.h4 
g5 29.exd6 exd6 30.Re7 Rd8 31.fxg5 hxg5 32.hxg5 a5 33.a4 Rb4 34.Kg3 Be5+ 
35.Bxe5 Nxe5 36.Rf1 Rf8 37.Rxe5 dxe5 38.Rf5 Rfb8 39.Rxe5 Rxb3+ 40.Bxb3 
Rxb3+ 41.Kf4 Kg7 42.d6 Rd3 43.Rxc5 Rxd6 44.Rxa5 Kg6 45.Re5 Rd1 46.a5 Ra1 
47.Rc5 Ra4+ 48.Kg3 Ra1 49.Rb5 Ra2 50.Kf4 Ra4+ 51.Kf3 Kg7 52.Kg3 Kh7 53.Rf5
Kg7 54.Rc5 Kh7 55.Kf3 Kg6 56.Rb5 Kg7 57.Ke3 Rxg4 58.a6 Ra4 59.Rb6 Ra5 60.
Kf4 Kh7 61.Ke4 Rxg5 62.Kd4 Ra5 63.Kc4 Kg7 64.Kb4 Ra1 65.Kb5 f5 66.Rb7+ Kf6
67.a7 f4 68.Rb6+ Ke5 69.Ra6 Rb1+ 70.Kc4 1-0

[Event "16th EUR-ch"]
[Site "Jerusalem ISR"]
[Date "2015.03.08"]
[Round "11"]
[White "Batsiashvili, Nino"]
[Black "Solak, Dragan"]
[Result "1/2-1/2"]
[WhiteElo "2475"]
[BlackElo "2607"]
[EventDate "2015.02.24"]
[PlyCount "38"]

1.d4 d6 2.c4 e5 3.Nc3 exd4 4.Qxd4 Nc6 5.Qd2 Nf6 6.b3 a5 7.Bb2 Be6 8.Nf3 d5
9.cxd5 Nxd5 10.Nxd5 Qxd5 11.Qxd5 Bxd5 12.O-O-O Nb4 13.a3 Bxb3 14.axb4 Bxd1
15.Kxd1 axb4 16.Kc2 f6 17.e3 Bd6 18.Bc4 Ke7 19.Nd4 g6 1/2-1/2

[Event "16th EUR-ch"]
[Site "Jerusalem ISR"]
[Date "2015.03.08"]
[Round "11"]
[White "Marin, Mihail"]
[Black "Makhmutov, Rail"]
[Result "1/2-1/2"]
[WhiteElo "2603"]
[BlackElo "2448"]
[EventDate "2015.02.24"]
[PlyCount "91"]

1.d4 d5 2.c4 e6 3.Nf3 Nf6 4.Nc3 Be7 5.Bg5 h6 6.Bh4 O-O 7.e3 Ne4 8.Bxe7 
Qxe7 9.Rc1 Nxc3 10.Rxc3 c6 11.Bd3 dxc4 12.Bxc4 Nd7 13.O-O b6 14.Qe2 Bb7 
15.Ba6 Bxa6 16.Qxa6 c5 17.Rfc1 e5 18.dxc5 Nxc5 19.Qb5 e4 20.Nd4 Qf6 21.Qc6
Qg5 22.b4 Nd3 23.Rb1 Qe7 24.b5 Rad8 25.Qc4 Qf6 26.Rf1 Rfe8 27.Nc6 Rd7 28.
Ra3 Nc5 29.Rxa7 Rxa7 30.Nxa7 Ra8 31.Nc6 Qb2 32.Ne7+ Kf8 33.Nf5 Qd2 34.Qd4 
Qxd4 35.exd4 Nd3 36.Ra1 Ra4 37.d5 h5 38.h4 g6 39.Nd6 Nc5 40.Nc8 Nd7 41.Re1
Rxa2 42.Rxe4 Rc2 43.Nd6 Nf6 44.Rc4 Rxc4 45.Nxc4 Nxd5 46.Kf1 1/2-1/2

[Event "16th EUR-ch"]
[Site "Jerusalem ISR"]
[Date "2015.03.08"]
[Round "11"]
[White "Givon, Asaf"]
[Black "Grigoryan, Karen"]
[Result "1/2-1/2"]
[WhiteElo "2473"]
[BlackElo "2596"]
[EventDate "2015.02.24"]
[PlyCount "75"]

1.e4 c5 2.Nf3 Nc6 3.Bb5 g6 4.Bxc6 bxc6 5.O-O Bg7 6.Re1 d6 7.e5 Bg4 8.exd6 
Qxd6 9.h3 Bxf3 10.Qxf3 Nh6 11.d3 Nf5 12.Nd2 Rd8 13.Nc4 Qd5 14.Qd1 O-O 15.
Bd2 e5 16.Bc3 Nd4 17.Qd2 f5 18.Bxd4 cxd4 19.Re2 e4 20.Rae1 e3 21.fxe3 dxe3
22.Nxe3 Qc5 23.b4 Qd4 24.Kh1 f4 25.Ng4 f3 26.gxf3 Rxf3 27.Re8+ Rxe8 28.
Rxe8+ Kf7 29.Qe2 Rf1+ 30.Qxf1+ Kxe8 31.Qf3 Qc3 32.Qe3+ Kd8 33.Qxa7 Bd4 34.
Qb8+ Kd7 35.Qb7+ Kd8 36.Qb8+ Kd7 37.Qb7+ Kd8 38.Qb8+ 1/2-1/2

[Event "16th EUR-ch"]
[Site "Jerusalem ISR"]
[Date "2015.03.08"]
[Round "11"]
[White "Chekhov, Sergei"]
[Black "Bok, Benjamin"]
[Result "1-0"]
[WhiteElo "2470"]
[BlackElo "2587"]
[EventDate "2015.02.24"]
[PlyCount "71"]

1.e4 c5 2.c3 Nf6 3.e5 Nd5 4.d4 cxd4 5.Nf3 e6 6.cxd4 d6 7.Bc4 Be7 8.Bxd5 
exd5 9.Bf4 Nc6 10.exd6 Bxd6 11.Bxd6 Qxd6 12.O-O O-O 13.Nc3 Bg4 14.h3 Bh5 
15.Re1 Rad8 16.Re3 Rfe8 17.Rxe8+ Rxe8 18.Qd3 h6 19.Rd1 Re6 20.Qf5 g6 21.
Qd3 Nb4 22.Qb5 Bxf3 23.gxf3 b6 24.a3 Nc6 25.Nxd5 Qd8 26.Nf4 Rf6 27.Ne2 Rd6
28.d5 Qg5+ 29.Ng3 Ne5 30.Kg2 Qf4 31.Qb3 Rf6 32.d6 Nxf3 33.d7 Ne1+ 34.Kh1 
Rd6 35.d8=Q+ Rxd8 36.Rxd8+ 1-0

[Event "16th EUR-ch"]
[Site "Jerusalem ISR"]
[Date "2015.03.08"]
[Round "11"]
[White "Yilmazyerli, Mert"]
[Black "Parligras, Mircea-Emilian"]
[Result "0-1"]
[WhiteElo "2465"]
[BlackElo "2583"]
[EventDate "2015.02.24"]
[PlyCount "60"]

1.e4 c6 2.d4 d5 3.Nc3 dxe4 4.Nxe4 Bf5 5.Ng3 Bg6 6.h4 h6 7.Nf3 Nd7 8.h5 Bh7
9.Bd3 Bxd3 10.Qxd3 e6 11.Bd2 Ngf6 12.O-O-O Be7 13.Kb1 a5 14.c4 b5 15.cxb5 
cxb5 16.Qxb5 O-O 17.Ne5 Nxe5 18.dxe5 Rb8 19.Qa6 Qd4 20.Bc1 Qxe5 21.Rhe1 
Qc5 22.Qe2 Rfc8 23.Be3 Qb4 24.Rd4 Qb7 25.Bf4 Nd5 26.Rxd5 Qxd5 27.Bxb8 Rxb8
28.Ne4 Ba3 29.b3 a4 30.Rd1 Rc8 0-1

[Event "16th EUR-ch"]
[Site "Jerusalem ISR"]
[Date "2015.03.08"]
[Round "11"]
[White "Hansen, Sune Berg"]
[Black "Neverov, Valeriy"]
[Result "0-1"]
[WhiteElo "2571"]
[BlackElo "2485"]
[EventDate "2015.02.24"]
[PlyCount "128"]

1.d4 Nf6 2.c4 g6 3.Nc3 Bg7 4.e4 d6 5.h3 O-O 6.Bg5 Na6 7.Bd3 c6 8.Nge2 e5 
9.d5 cxd5 10.cxd5 Nc5 11.Bc2 a5 12.a3 Bd7 13.O-O h6 14.Be3 a4 15.Nc1 Qe8 
16.Re1 Nh5 17.Nd3 b6 18.Nb4 Nf4 19.Qd2 Qe7 20.Bxf4 exf4 21.Qxf4 Rfc8 22.
Rad1 Qg5 23.Qf3 Be5 24.Nc6 Bxc6 25.dxc6 Rxc6 26.Nd5 Ne6 27.Bd3 Ra5 28.Bf1 
h5 29.b4 axb3 30.Qxb3 h4 31.Qf3 Rc2 32.Qe3 Nf4 33.Kh1 Ra2 34.Rd3 Kg7 35.
Rb3 Rc5 36.Nb4 Rb2 37.Rxb2 Bxb2 38.Nd5 Be5 39.Qd2 Kh6 40.Rd1 Nxd5 41.Qxg5+
Kxg5 42.exd5 Rc2 43.Kg1 Ra2 44.Rd3 Ra1 45.g3 hxg3 46.fxg3 Bb2 47.Rf3 f5 
48.h4+ Kh6 49.Kg2 Bxa3 50.Kh3 Bb2 51.g4 fxg4+ 52.Kxg4 Be5 53.Kh3 Rb1 54.
Be2 Rb2 55.Rf2 b5 56.Rg2 Rb3+ 57.Kg4 b4 58.Bf3 Re3 59.Re2 Rd3 60.Re4 b3 
61.Rb4 b2 62.Rb7 Ra3 63.Rb4 Kg7 64.Rb7+ Kf6 0-1

[Event "16th EUR-ch"]
[Site "Jerusalem ISR"]
[Date "2015.03.08"]
[Round "11"]
[White "Oparin, Grigoriy"]
[Black "Kantsler, Boris"]
[Result "1-0"]
[WhiteElo "2551"]
[BlackElo "2435"]
[EventDate "2015.02.24"]
[PlyCount "67"]

1.d4 d6 2.e4 Nf6 3.Nc3 e5 4.Nf3 exd4 5.Nxd4 Be7 6.Bf4 O-O 7.Qd2 Nc6 8.
O-O-O Nxd4 9.Qxd4 Be6 10.f3 Nd7 11.Kb1 Bf6 12.Qe3 Qe7 13.g4 Be5 14.Bg3 Nb6
15.Nd5 Bxd5 16.exd5 Rfe8 17.f4 Bf6 18.Qxe7 Bxe7 19.Bb5 Rec8 20.Rhe1 Bf8 
21.Bf2 g6 22.c3 a6 23.Be2 Re8 24.Bf3 Bg7 25.Kc2 Kf8 26.b3 Nd7 27.a4 Nc5 
28.a5 b5 29.Bxc5 Rxe1 30.Rxe1 dxc5 31.d6 Re8 32.dxc7 Rc8 33.Bc6 Bf6 34.
Re8+ 1-0